000 00779nam a2200241Ia 4500
003 GCL
008 140319s9999 xx 000 0 ara d
040 _aGCL /
_cGCL
082 0 4 _a956.733
_bخ ا
100 1 _aخالد حمودة السعدون
245 1 0 _aالاوضاع القبلية فى البصرة 1337-1326 ه 1918-1908 م /
_cخالد حمودة السعدون
260 _a[S.N] :
_bشركة الربيعان للنشر والتوزيع ،
_c1988
300 _a338 ص
490 _a
650 0 4 _aالعصر الحديث
650 0 4 _aتاريخ
650 0 4 _aالعراق
650 0 4 _aالقبائل العربية
650 0 4 _aالبدو
650 0 4 _aالبصرة
650 0 4 _aالانتداب البريطانى (1930-1914)
942 _2ddc
_cBK
999 _c35622
_d35622